000 00655nam a2200241Ia 4500
003 OSt
005 20220918214303.0
006 a|||||r|||| 00| 0
007 ta
008 220917b |||||||| |||| 00| 0 eng d
024 _a136,694
037 _cTextual
040 _aARTS
_cARTS
_beng
041 _2eng
_aeng
082 _aXs1:N3, G8
110 _aInternational statistical institutue
_9130636
245 0 _aInternational abstract of economic statistics,1931-1936
260 _c1938
650 _aECONOMICS
700 _aInternational statistical institutue
_9130637
942 _hXs1:N3, G8
_cTEXL
_2CC
999 _c259784
_d259784